| 000 | 00676nam a2200229 4500 | ||
|---|---|---|---|
| 003 | LK-CoMWRAF | ||
| 005 | 20240331105158.0 | ||
| 008 | 231227b2004 |||||||| |||| 00| 0 eng d | ||
| 020 | _a9558464368 | ||
| 040 |
_aLK-CoMWRAF _dLK-CoMWRAF _eLK-CoMWRAF |
||
| 041 | _atam | ||
| 082 |
_a894.8113 _bDIA |
||
| 100 |
_aசிட்னி மாகஸ் டயஸ் _vSydney Marcus Dias |
||
| 242 | _aMayil Arasan | ||
| 245 | _aமயில் அரசன் | ||
| 260 |
_aAnamaduwa: _bThothanne, _c2004 |
||
| 300 | _a40 p. ill. | ||
| 650 | _aTAMIL FICTION | ||
| 650 | _aChildren's Fiction | ||
| 700 |
_aமஷ்பூப், முஷம்மது _etrans. |
||
| 942 | _cBK | ||
| 999 |
_c4578 _d4578 |
||